000 01830cam a22003494a 4500
001 13328802
003 OSt
005 20180116183050.0
008 030829s2004 mau b 001 0 eng
010 _a 2003019437
020 _a1578517095
040 _aDLC
_cDLC
_dDLC
042 _apcc
050 0 0 _aBF637.C4
_bG37 2004
082 0 0 _a153.85 GAR 2004
_222
100 1 _aGardner, Howard,
_d1943-
245 1 0 _aChanging minds :
_bthe art and science of changing our own and other people's minds /
_cHoward Gardner.
260 _aBoston, Mass. :
_bHarvard Business School Press,
_c2004.
300 _axi, 244 p. ;
_c25 cm.
_bPB
440 _aChanging minds :
504 _aIncludes bibliographical references and index.
505 0 _aThe contents of the mind -- The forms of the mind -- The power of early theories -- Leading a diverse population -- Leading an institution : how to deal with a uniform population -- The creative geniuses change minds indirectly through science, scholarly breakthroughs, and works of art -- Mind changing in a formal setting -- Mind changing up close -- Changing ones own mind -- Epilogue : the future of mind changing.
650 0 _aChange (Psychology)
650 0 _aPersuasion (Psychology)
650 0 _aInfluence (Psychology)
856 4 1 _3Table of contents
_uhttp://www.loc.gov/catdir/toc/ecip048/2003019437.html
856 4 2 _3Publisher description
_uhttp://www.loc.gov/catdir/enhancements/fy1406/2003019437-d.html
856 4 2 _3Contributor biographical information
_uhttp://www.loc.gov/catdir/enhancements/fy1406/2003019437-b.html
906 _a7
_bcbc
_corignew
_d1
_eecip
_f20
_gy-gencatlg
942 _2ddc
_cBK
999 _c351609
_d351609